=LDR 00000nam 2200000 4500 =001 INLIS000000000000201 =005 20150119075427.0 =006 =007 =008 Ind =035 ##$$0010-061300000000201 =041 ##$$a Ind =082 ##$$a 991 =090 ##$$a 991 Pua p =100 ##$$a Puar, Yusuf A =245 ##$$a Peristiwa keuntungan genderang perlawanan Jateng / Yusuf A.Puar =260 ##$$aJakarta$bPustaka Antara$c 1976 =300 ##$$a 112 hlm. : ilus. ; 21 cm =650 ##$$a Sejarah =850 ##$$a NBPDMAT